000 00298nam a2200121Ia 4500
008 191201s2013 xx 000 0 und d
100 _aSINGH,Harpreet
245 0 _aHydraulics and fluid Mechanics
250 _aRep
260 _c2013
_bEagle Pub.
_aNEW DELHI
300 _a192+29
942 _2ddc
_cBK
_01
999 _c8120
_d8120